| 000 | 00831nam a2200265 a 4500 | ||
|---|---|---|---|
| 001 | BRCA_4735 | ||
| 005 | 20190320204801.0 | ||
| 008 | 071010s1939----mx-a######---#000-0#spa-# | ||
| 041 | _aspa | ||
| 044 | _amx | ||
| 050 | 4 |
_aND253 _b.V44 1939 |
|
| 100 | 1 |
_aVelázquez Chávez, Agustín _911905 |
|
| 245 | 1 | 0 |
_aTres siglos de pintura colonial mexicana _cAgustín Velázquez Chávez. |
| 260 |
_aMéxico _bPolis _c1939 |
||
| 300 |
_axxv, 369 p. _bil. (algunas a color) _c24 cm. |
||
| 500 | _aIncluye índice de ilustraciones y erratas notables | ||
| 500 | _aFaltan páginas 281-282 | ||
| 500 | _aIncluye nota de agradecimiento del autor para Franz Mayer | ||
| 500 | _aD76 | ||
| 504 | _aBibliografía: p. 355-369 | ||
| 650 | 1 | 4 |
_aPintura mexicana _93715 |
| 650 | 1 | 4 |
_aPintores mexicanos _94220 |
| 902 | _aGFM | ||
| 942 |
_2lcc _cB |
||
| 999 |
_c4433 _d4433 |
||